Chargement en cours...
Initiatives and achievements of centre for studies on gender concerNs in agriculture
| Publié: |
Vellanikkara
Kerala agricultural university
|
|---|
| LEADER | 00472nam a22001337a 4500 | ||
|---|---|---|---|
| 003 | OSt | ||
| 082 | |a IR-KAU/CSGCA | ||
| 245 | |a Initiatives and achievements of centre for studies on gender concerNs in agriculture | ||
| 260 | |a Vellanikkara |b Kerala agricultural university | ||
| 300 | |a 44 p | ||
| 546 | |a English | ||
| 942 | |2 ddc |c CR | ||
| 999 | |c 160303 |d 160303 | ||
| 952 | |0 0 |1 0 |2 ddc |4 0 |6 IR_KAUCSGCA |7 0 |8 IR |9 159020 |a KAUCLV |b KAUCLV |c IR |d 2018-05-15 |o IR-KAU/CSGCA |p 809297 |r 2018-05-15 |w 2018-05-15 |y CR | ||